A-Z Famous People - New York - Statistics

General Stats
  • This quiz has been taken 141 times
  • The average score is 14 of 26
Answer Stats
Picture Hint Answer % Correct
C - Actor Tom Cruise
98%
Z - Businessman & Philanthropist Mark Zuckerberg
92%
T - Boxer Mike Tyson
91%
D - Actor Robert De Niro
84%
S - Stand-Up Comedian & Actor Jerry Seinfeld
81%
L - Comic Book Writer Stan Lee
79%
R - Politician Theodore Roosevelt
79%
O - Socialite & First Lady Jacqueline Kennedy Onassis
77%
J - Actress Scarlett Johansson
76%
W - Actor & Producer Denzel Washington
75%
B - Actor Humphrey Bogart
62%
E - Actor & Filmmaker Jesse Eisenberg
61%
N - Rapper The Notorious B.I.G.
61%
K - Singer & Songwriter Alicia Keys
59%
X - Comedians (Ends in 'x') Chico Marx / Gummo Marx / Harpo Marx / Groucho Marx / Zeppo Marx
56%
A - Basketballer Kareem Abdul-Jabbar
52%
P - Television Presenter Regis Philbin
41%
G - Baseballer Lou Gehrig
40%
V - Business Magnate Cornelius Vanderbilt
38%
H - Actress Rita Hayworth
31%
Y - Baseball Player Carl Yastrzemski
26%
M - Novelist & Poet Herman Melville
10%
I - Writer & Diplomat Washington Irving
10%
F - Theoretical Physicist Richard Feynman
9%
U - Actress & Singer Leslie Uggams
7%
Q - Actress & Singer Rainey Qualley
4%
No matching quizzes found
Score Distribution
Percent of People with Each Score
Percentile by Number Answered
Your Score History
You have not taken this quiz